00460nam a22001692 4500001001100000005001700011008004100028020001700069040001500086100003500101245005600136250001300192260003100205300001900236650003200255852000300287000002361520151217152245.0130311s xx 000 0 eng d a0123736154 : aKABUcKABU1 aVallero, Daniel A.@000018316110aFundamentals of air pollution /cDaniel A. Vallero. a4th ed. aLondon :bElsevier,c2008. axxiii, 942 p. 0aAirxPollution.@00000092981